युद्ध पर्व : (Record no. 116512)
[ view plain ]
| 000 -LEADER | |
|---|---|
| fixed length control field | 01207nam a22002657a 4500 |
| 005 - DATE AND TIME OF LATEST TRANSACTION | |
| control field | 20170124103040.0 |
| 010 ## - LIBRARY OF CONGRESS CONTROL NUMBER | |
| LC control number | A-990021 |
| 020 ## - INTERNATIONAL STANDARD BOOK NUMBER | |
| Terms of availability | 150.00 |
| International Standard Book Number | 8170556953 |
| 035 ## - SYSTEM CONTROL NUMBER | |
| System control number | A-990021 |
| 037 ## - SOURCE OF ACQUISITION | |
| Source of stock number/acquisition | Cen Lib/Ret |
| 040 ## - CATALOGING SOURCE | |
| Original cataloging agency | DPL |
| Language of cataloging | HN |
| 082 ## - DEWEY DECIMAL CLASSIFICATION NUMBER | |
| Classification number | क |
| Item number | मित्राज |
| 100 ## - MAIN ENTRY--PERSONAL NAME | |
| Personal name | मित्रा, जया |
| 9 (RLIN) | 66927 |
| 245 ## - TITLE STATEMENT | |
| Title | युद्ध पर्व : |
| Statement of responsibility, etc | जया मित्रा ; अनुवादक अमर गोस्वामी |
| Remainder of title | बांग्ला कहानियां / |
| 246 ## - VARYING FORM OF TITLE | |
| Title proper/short title | Yuddh prv : bangla kahaniyan / |
| Remainder of title | by Jaya MItra ; anuvadak Amar Goswami |
| 260 ## - PUBLICATION, DISTRIBUTION, ETC. (IMPRINT) | |
| Place of publication, distribution, etc | नयी दिल्ली |
| Name of publisher, distributor, etc | वाणी प्रकाशन |
| Date of publication, distribution, etc | 1999 |
| 270 ## - ADDRESS | |
| City | नयी दिल्ली |
| Address | 21-ए, दरयागंज |
| Postal code | 110002 |
| 300 ## - PHYSICAL DESCRIPTION | |
| Extent | 132पृ. |
| Dimensions | 20सेमी (सजिल्द) |
| 650 ## - SUBJECT ADDED ENTRY--TOPICAL TERM | |
| Topical term or geographic name as entry element | बांग्ला साहित्य |
| 9 (RLIN) | 66928 |
| 650 ## - SUBJECT ADDED ENTRY--TOPICAL TERM | |
| Topical term or geographic name as entry element | बांग्ला साहित्य |
| General subdivision | कहानियां |
| 9 (RLIN) | 64028 |
| 650 ## - SUBJECT ADDED ENTRY--TOPICAL TERM | |
| Topical term or geographic name as entry element | Bangla Literature |
| 9 (RLIN) | 66929 |
| 650 ## - SUBJECT ADDED ENTRY--TOPICAL TERM | |
| Topical term or geographic name as entry element | Bangla Literature |
| General subdivision | stories |
| 9 (RLIN) | 66930 |
| 700 ## - ADDED ENTRY--PERSONAL NAME | |
| Personal name | गोस्वामी, अमर |
| 9 (RLIN) | 47617 |
| 942 ## - ADDED ENTRY ELEMENTS (KOHA) | |
| Source of classification or shelving scheme | Dewey Decimal Classification |
| Koha item type | Hindi Books |
| Classification part | क |
| Call number suffix | मित्राज |
| Withdrawn status | Lost status | Damaged status | Not for loan | Home library | Current library | Date acquired | Source of acquisition | Cost, normal purchase price | Total Checkouts | Full call number | Barcode | Date last seen | Copy number | Cost, replacement price | Price effective from | Koha item type |
|---|---|---|---|---|---|---|---|---|---|---|---|---|---|---|---|---|
| Central Library | Central Library | 24/08/2015 | Cen Lib/Ref | 150.00 | क मित्राज | A-990021 | 24/08/2015 | 1 | 150.00 | 24/08/2015 | Hindi Books |
